Movies by Plot III Quiz Stats

Quiz Updated May 20, 2017

Also try: Movies by Plot
Challenge
Share
Tweet
Embed
Score 0/24 Timer 06:00
2 Plays Today
Plot Movie % Correct
During a preview tour, a theme park suffers a major power breakdown that allows its cloned dinosaur exhibits to run amok.Jurassic Park
81.6%
Two men who keep an eye on aliens in New York City must try to save the world after the aliens threaten to blow it up.Men in Black
77.4%
A fast track lawyer can't lie for 24 hours due to his son's birthday wish after the lawyer turns his son down for the last time.Liar Liar
77.4%
A chronicle of the early days of James T. Kirk and his fellow USS Enterprise crew members.Star Trek
75.4%
A biopic depicting the early years of legendary director and aviator Howard Hughes' career, from the late 1920s to the mid-1940s.The Aviator
74.9%
The story of Michael Oher, a homeless and traumatized boy who became an All American football player and first round NFL draft pick with the help of a caring woman and her family.The Blind Side
73.6%
True story of the undersized Depression-era racehorse whose victories lifted not only the spirits of the team behind it but also those of their nation.Seabiscuit
72.3%
A man raised by gorillas must decide where he really belongs when he discovers he is a human.Tarzan
70.8%
English professor John Keating inspires his students to a love of poetry and to seize the day.Dead Poets Society
68%
The son of the Greek Gods Zeus and Hera is stripped of his immortality as an infant and must become a true hero in order to reclaim it.Hercules
66.9%
A woman and her daughter open a chocolate shop in a small French village that shakes up the rigid morality of the community.Chocolat
66%
A somewhat romanticized account of the career of the notoriously violent bank robbing couple and their gang.Bonnie and Clyde
63.9%
Plot Movie % Correct
The biopic of the controversial and influential Black Nationalist leader.Malcolm X
56.5%
A young lawyer joins a prestigous law firm only to discover that it has a sinister dark side.The Firm
44.5%
In pre-revolutionary Russia, a poor Jewish peasant must contend with marrying off his three daughters while antisemitic sentiment threatens his home.Fiddler on the Roof
38%
The story of the life of Brandon Teena, a transgendered teen who preferred life in a male identity until it was discovered he was born biologically female.Boys Don't Cry
29.6%
An American agent, under false suspicion of disloyalty, must discover and expose the real spy without the help of his organization.Mission: Impossible
28.8%
A nun, while comforting a convicted killer on death row, empathizes with both the killer and his victim's families.Dead Man Walking
28.5%
A TV network cynically exploits a deranged ex-TV anchor's ravings and revelations about the media for their own profit.Network
26.8%
In 20th century colonial Kenya, a Danish baroness/plantation owner has a passionate but ultimately doomed love affair with a free-sprited big-game hunter.Out of Africa
26.7%
A single mother/waitress, a misanthropic author, and a gay artist form an unlikely friendship.As Good as It Gets
23.5%
A young single mother and textile worker agrees to help unionize her mill despite the problems and dangers involved.Norma Rae
16.8%
In 1941 Hawaii, a private is cruelly punished for not boxing on his unit's team, while his captain's wife and second in command are falling in love.From Here to Eternity
8.9%
Epic story of a mysterious stranger with a harmonica who joins forces with a notorious desperado to protect a beautiful widow from a ruthless assassin working for the railroad.C'era una volta il West
5%

You're not logged in!

Compare scores with friends on all Sporcle quizzes.
Sign Up with Email
OR
Log In

You Might Also Like...

Show Comments

Extras

Top Quizzes Today


Score Distribution

Your Account Isn't Verified!

In order to create a playlist on Sporcle, you need to verify the email address you used during registration. Go to your Sporcle Settings to finish the process.